QUEST Central Library Banner

Ideological orientation of Pakistan (Record no. 12076)

MARC details
000 -LEADER
fixed length control field 00232nam a22001097a 4500
082 ## - DEWEY DECIMAL CLASSIFICATION NUMBER
Classification number SHA
100 ## - MAIN ENTRY--AUTHOR NAME
Personal name Sharif Ali M
245 ## - TITLE STATEMENT
Title Ideological orientation of Pakistan
260 ## - PUBLICATION, DISTRIBUTION, ETC. (IMPRINT)
Name of publisher Quaid-I- Azam
Year of publication 1976
300 ## - PHYSICAL DESCRIPTION
Number of Pages 182
942 ## - ADDED ENTRY ELEMENTS (KOHA)
Koha item type Books
Holdings
Withdrawn status Lost status Home library Current library Date acquired Cost, normal purchase price Full call number Accession Number Koha item type
    Central Library, QUEST, Nawabshah Central Library, QUEST, Nawabshah 22/01/2015 26.00 SHA 6352 Books
    Central Library, QUEST, Nawabshah Central Library, QUEST, Nawabshah 22/01/2015 26.00 SHA 6353 Books

Copyright © 2018,The QUEST, Nawabshah, Shaheed Benazirabad. All rights reserved
Mr. G. Farooq Channar (Librarian) QUEST, Nawabshah, Sindh, Pakistan 67480.
 Ph#: |   0244-9370381-4 Ext. 2308   Email| lib@quest.edu.pk   Web|  http://www.quest.edu.pk